Problemática del niño superdotado

Uloženo v:
Podrobná bibliografie
Hlavní autor: Benito Mate, Yolanda (Autor)
Médium: Kniha
Jazyk:španělština
Vydáno: Salamanca Amarú 1993
Vydání:2a. ed
Témata:
Tagy: Přidat tag
Žádné tagy, Buďte první, kdo vytvoří štítek k tomuto záznamu!

MARC

LEADER 00000nam a2200000 a 4500
001 UCQ1043
003 CL-VaPUC
008 980703e19930000SP |||||||||||||||||spa|d
082 0 4 |a 371.95  |b BEN  |2 21 
100 0 |a Benito Mate, Yolanda  |e author  |9 414550 
245 1 0 |a Problemática del niño superdotado 
250 |a 2a. ed 
300 |a 225 p 
942 |c BK 
945 |d 19980703 00:00:00  |a mvenant 
260 |a Salamanca  |b Amarú  |c 1993 
650 7 |a SUPERDOTADOS  |2 CL-VaPUC  |9 357545 
650 0 |a Alumnos superdotados   |9 414508 
650 7 |a EDUCACION DE SUPERDOTADOS  |2 CL-VaPUC  |9 405724 
583 |a last modification  |c 19980703 00:00:00  |k Rodrigo Vera 
999 |c 272052  |d 272050 
952 |0 0  |1 0  |4 0  |6 371_950000000000000_BEN_1993  |7 0  |8 A  |9 306888  |a BIBEDU  |b BIBEDU  |d 2019-11-20  |i 344029K  |l 2  |o 371.95 BEN 1993  |p 344029K  |r 2023-05-17  |s 2023-05-10  |w 2019-11-20  |y BK  |k BME 
952 |0 0  |1 0  |4 0  |6 371_950000000000000_BEN_1993  |7 0  |8 A  |9 306889  |a BIBEDU  |b BIBEDU  |d 2019-11-20  |i 3495051  |o 371.95 BEN 1993  |p 3495051  |r 2019-11-20  |w 2019-11-20  |y BK  |k BME